Sayansinte kadha Part-1 / (Record no. 5244)
[ view plain ]
| 000 -LEADER | |
|---|---|
| fixed length control field | 00447cam a2200169ua 4500 |
| 041 ## - LANGUAGE CODE | |
| Language code of text/sound track or separate title | mal |
| 082 ## - DEWEY DECIMAL CLASSIFICATION NUMBER | |
| Classification number | 500 |
| Item number | BHA/SA |
| 100 ## - MAIN ENTRY--AUTHOR NAME | |
| Personal name | Bhaskara paniker, P T . |
| 245 ## - TITLE STATEMENT | |
| Title | Sayansinte kadha Part-1 / |
| 260 ## - PUBLICATION, DISTRIBUTION, ETC. (IMPRINT) | |
| Place of publication | Kottayam : |
| Name of publisher | Sahitya Pravarthaka Co-operative Society , |
| Year of publication | 1965. |
| 300 ## - PHYSICAL DESCRIPTION | |
| Number of Pages | 177 ; . |
| 942 ## - ADDED ENTRY ELEMENTS (KOHA) | |
| Koha item type | Books |
| Withdrawn status | Lost status | Damaged status | Home library | Current library | Date acquired | Full call number | Accession Number | Koha item type | Public note |
|---|---|---|---|---|---|---|---|---|---|
| Withdrawn | KAUAET | KAUAET | 07/04/2012 | 500 | 5912 | Books | Deleted | ||
| Withdrawn | KAUAET | Malayalam University | 16/11/2023 | 500 BHA/SA | 11174 | Books |
